[Event "Skopje Karposh op"]
[Site "Skopje"]
[Date "2015.04.02"]
[Round "8"]
[White "Vukelic, Zvonimir"]
[Black "Kollari, Sulejman"]
[Result "0-1"]
[WhiteElo "1850"]
[BlackElo "2110"]
[PlyCount "46"]
[EventDate "2015.03.27"]
[EventType "swiss"]
[EventRounds "9"]
[EventCountry "MKD"]
[SourceTitle "CBM 165 Extra"]
[Source "ChessBase"]
[SourceDate "2015.04.21"]
[SourceVersion "1"]
[SourceVersionDate "2015.04.21"]
[SourceQuality "1"]

1. e4 c5 2. Nc3 Nc6 3. d3 g6 4. Be3 d6 5. g3 Nf6 6. h3 Bg7 7. Bg2 e5 8. Nge2 0-0 9. 0-0 Nd4 10. f4 Nh5 11. Kh2 Nxe2 12. Qxe2 exf4 13. gxf4 Rb8 14. Bf3 Qh4 15. Bxh5 Qxh3+ 16. Kg1 gxh5 17. Rf3 Qg4+ 18. Qg2 Qxg2+ 19. Kxg2 Bg4 20. Rf2 Bf6 21. Rh1 Kh8 22. Kf1 b5 23. a3 h4 0-1

[Event "Skopje Karposh op"]
[Site "Skopje"]
[Date "2015.03.30"]
[Round "5"]
[White "Minko, Olga"]
[Black "Vukelic, Zvonimir"]
[Result "1/2-1/2"]
[WhiteElo "1441"]
[BlackElo "1850"]
[PlyCount "84"]
[EventDate "2015.03.27"]
[EventType "swiss"]
[EventRounds "9"]
[EventCountry "MKD"]
[SourceTitle "CBM 165 Extra"]
[Source "ChessBase"]
[SourceDate "2015.04.21"]
[SourceVersion "1"]
[SourceVersionDate "2015.04.21"]
[SourceQuality "1"]

1. e4 e5 2. Nf3 Nc6 3. Nc3 a6 4. d4 exd4 5. Nxd4 Nxd4 6. Qxd4 d6 7. Bc4 b5 8. Bd5 c5 9. Qd3 Rb8 10. Qf3 Nf6 11. Bg5 Be7 12. Bc6+ Bd7 13. Bxd7+ Nxd7 14. Bxe7 Qxe7 15. Nd5 Qd8 16. 0-0 Ne5 17. Qg3 0-0 18. f4 Nc4 19. f5 f6 20. Nf4 Rf7 21. Ne6 Qb6 22. Rad1 Ne5 23. b3 Rc8 24. h3 h6 25. Rd2 a5 26. Rfd1 Rc6 27. Nf4 c4+ 28. Qf2 Qxf2+ 29. Kxf2 Rd7 30. Rd5 cxb3 31. cxb3 Rc2+ 32. R1d2 Rxd2+ 33. Rxd2 Nf7 34. Nd5 Rd8 35. Rc2 Ng5 36. Re2 Re8 37. h4 Nf7 38. Nc7 Rb8 39. Ne6 Rc8 40. Nd4 b4 41. Nc2 Ne5 42. Ne3 Nd3+ 1/2-1/2

[Event "FRM-ch op 23rd"]
[Site "Struga"]
[Date "2014.08.29"]
[Round "5"]
[White "Krstev, Emil"]
[Black "Vukelic, Zvonimir"]
[Result "1-0"]
[WhiteElo "2110"]
[BlackElo "1858"]
[PlyCount "107"]
[EventDate "2014.08.25"]
[EventType "swiss"]
[EventRounds "9"]
[EventCountry "MKD"]
[SourceTitle "CBM 162 Extra"]
[Source "ChessBase"]
[SourceDate "2014.10.17"]
[SourceVersion "1"]
[SourceVersionDate "2014.10.17"]
[SourceQuality "1"]

1. e4 c6 2. d4 d5 3. Nc3 dxe4 4. Nxe4 Bf5 5. Ng3 Bg6 6. Bc4 e6 7. N1e2 Nf6 8. 0-0 Qc7 9. f4 Bd6 10. f5 exf5 11. Nxf5 Bxf5 12. Rxf5 Bxh2+ 13. Kh1 0-0 14. Rxf6 gxf6 15. g3 Bxg3 16. Qg1 Kh8 17. Qxg3 Qxg3 18. Nxg3 Nd7 19. Kg2 Rg8 20. Bxf7 Rg7 21. Bb3 Nb6 22. Bf4 Nd5 23. Bxd5 cxd5 24. Re1 Rg4 25. Kf3 Rg7 26. Nf5 Rd7 27. Re6 Rf8 28. Bh6 Rc8 29. Rxf6 Kg8 30. Kf4 Re8 31. Nd6 Red8 32. Ke5 Rc7 33. c3 a6 34. Kxd5 a5 35. a4 Re7 36. Re6 Rc7 37. c4 Rf7 38. c5 Rf2 39. Re5 Rg2 40. Ke6 Rg6+ 41. Ke7 Rb8 42. Re6 Rg2 43. Re5 Rg6 44. Nf5 b6 45. c6 Rxc6 46. Nd6 Rc7+ 47. Ke6 Rg7 48. Bxg7 Kxg7 49. Rg5+ Kf8 50. Kf6 Rd8 51. Nf5 Rd7 52. Ke6 Rc7 53. d5 Rc2 54. Nh6 1-0

[Event "Skopje Karposh op"]
[Site "Skopje"]
[Date "2013.03.12"]
[Round "5"]
[White "Cherednichenko, Elena"]
[Black "Vukelic, Zvonimir"]
[Result "1-0"]
[WhiteElo "2175"]
[BlackElo "1920"]
[PlyCount "63"]
[EventDate "2013.03.09"]
[EventType "swiss"]
[EventRounds "9"]
[EventCountry "MKD"]
[SourceTitle "CBM 153 Extra"]
[Source "ChessBase"]
[SourceDate "2013.04.22"]
[SourceVersion "1"]
[SourceVersionDate "2013.04.22"]
[SourceQuality "1"]

1. d4 d5 2. Nf3 Nf6 3. e3 e6 4. Bd3 g6 5. 0-0 Bg7 6. b3 0-0 7. Bb2 c6 8. Nbd2 b6 9. c4 Ne8 10. Rc1 Ba6 11. Re1 Nd6 12. Ba3 Re8 13. Qc2 dxc4 14. Nxc4 Nxc4 15. Bxc4 Bxc4 16. Qxc4 Qd5 17. Qc2 Rc8 18. e4 Qd7 19. Red1 Na6 20. Qc4 b5 21. Qe2 Qb7 22. Bd6 Nc7 23. Qd2 Ne8 24. Bc5 Nf6 25. Qf4 a5 26. Bd6 a4 27. b4 Ne8 28. Bc5 f6 29. Rc3 Qd7 30. e5 f5 31. Qh4 h6 32. Rdc1 1-0

[Event "Bosnjaci op 18th"]
[Site "Bosnjaci"]
[Date "2013.01.08"]
[Round "8"]
[White "Vukelic, Zvonimir"]
[Black "Babic, Andrija"]
[Result "0-1"]
[WhiteElo "1927"]
[BlackElo "2066"]
[PlyCount "108"]
[EventDate "2013.01.03"]
[EventType "swiss"]
[EventRounds "9"]
[EventCountry "CRO"]
[SourceTitle "CBM 152 Extra"]
[Source "ChessBase"]
[SourceDate "2013.02.25"]
[SourceVersion "1"]
[SourceVersionDate "2013.02.25"]
[SourceQuality "1"]

1. e4 e6 2. Nc3 c5 3. g3 Nc6 4. Bg2 g6 5. d3 Bg7 6. Be3 d6 7. Nge2 Nge7 8. Qd2 h5 9. h3 Bd7 10. a3 a6 11. f4 Qc7 12. d4 cxd4 13. Nxd4 Na5 14. Rd1 Nc4 15. Qc1 Rc8 16. Nce2 e5 17. fxe5 dxe5 18. Nf3 Nxe3 19. Qxe3 Qxc2 20. Rd2 Qc7 21. Qb3 Bh6 22. Rd1 0-0 23. 0-0 Bb5 24. Rfe1 Bc4 25. Qc2 Qb6+ 26. Kh2 Bb3 27. Qb1 Bxd1 28. Rxd1 Nc6 29. Nc3 Bg7 30. Qa2 Nd4 31. Nh4 Qb3 32. Qb1 Qc2 33. Qxc2 Nxc2 34. Rd7 Rb8 35. Nd5 b5 36. g4 hxg4 37. hxg4 a5 38. Rc7 Nd4 39. Bf1 Ne6 40. Ra7 a4 41. Nc3 b4 42. axb4 Rxb4 43. Nxa4 Rxe4 44. Kg3 Rb8 45. Nf3 Re3 46. Kf2 Reb3 47. Bc4 R3b4 48. b3 e4 49. Rd7 exf3 50. Kxf3 R4b7 51. Rd1 Nd4+ 52. Kg2 Nxb3 53. Bd5 Rb4 54. Bxb3 Rxb3 0-1

[Event "Bosnjaci op 18th"]
[Site "Bosnjaci"]
[Date "2013.01.03"]
[Round "1"]
[White "Vukelic, Zvonimir"]
[Black "Aczel, Gergely"]
[Result "0-1"]
[WhiteElo "1927"]
[BlackElo "2448"]
[PlyCount "88"]
[EventDate "2013.01.03"]
[EventType "swiss"]
[EventRounds "9"]
[EventCountry "CRO"]
[SourceTitle "CBM 152 Extra"]
[Source "ChessBase"]
[SourceDate "2013.02.25"]
[SourceVersion "1"]
[SourceVersionDate "2013.02.25"]
[SourceQuality "1"]

1. e4 c5 2. Nc3 d6 3. d3 Nc6 4. Be3 g6 5. g3 Bg7 6. Bg2 Rb8 7. Nge2 b5 8. Qd2 b4 9. Nd1 e5 10. 0-0 Nge7 11. f3 0-0 12. Bh6 Bxh6 13. Qxh6 Nd4 14. Qd2 d5 15. Ne3 dxe4 16. fxe4 Be6 17. b3 a5 18. a4 f6 19. Rab1 Qd7 20. Rf2 Kg7 21. Rbf1 Rbd8 22. Kh1 Rf7 23. Ng1 Rdf8 24. Qd1 h5 25. h3 f5 26. Nc4 Bxc4 27. dxc4 Qe6 28. exf5 Rxf5 29. Rxf5 Nexf5 30. Qe1 Nxc2 31. Qf2 Nce3 32. Re1 Nxg2 33. Qxg2 e4 34. Kh2 h4 35. Rxe4 hxg3+ 36. Kh1 Qf6 37. Rf4 Re8 38. Rf3 Qe5 39. Rd3 Re7 40. Rd5 Qe3 41. Qc2 Nh4 42. Qd3 g2+ 43. Kh2 Qxg1+ 44. Kxg1 Re1+ 0-1

[Event "Skopje Karposh op"]
[Site "Skopje"]
[Date "2012.04.07"]
[Round "1"]
[White "Nestorovic, Lazar"]
[Black "Vukelic, Zvonimir"]
[Result "1-0"]
[WhiteElo "2374"]
[BlackElo "1931"]
[PlyCount "59"]
[EventDate "2012.04.07"]
[EventType "swiss"]
[EventRounds "9"]
[EventCountry "MKD"]
[SourceTitle "CBM 147 Extra"]
[Source "ChessBase"]
[SourceDate "2012.04.24"]
[SourceVersion "1"]
[SourceVersionDate "2012.04.24"]
[SourceQuality "1"]

1. e4 c6 2. d4 d5 3. e5 Bf5 4. Nc3 e6 5. g4 Bg6 6. Nge2 h6 7. Be3 Be7 8. Qd2 Nd7 9. 0-0-0 Nb6 10. Nf4 Bh7 11. Nh5 Bf8 12. h4 g6 13. Ng3 Qc7 14. g5 h5 15. Bd3 Ne7 16. Kb1 0-0-0 17. Nce2 Nf5 18. Bxf5 exf5 19. Qd3 Nc4 20. b3 Qb6 21. Ka1 Na3 22. c4 dxc4 23. bxc4 Qa6 24. Rc1 Be7 25. Rhd1 Rd7 26. Qb3 Rhd8 27. d5 Bf8 28. d6 Qa5 29. Bd4 c5 30. Bb2 1-0

[Event "Zagreb op-B"]
[Site "Zagreb"]
[Date "2011.04.11"]
[Round "1"]
[White "Vukelic, Zvonimir"]
[Black "Ivanov, Borislav"]
[Result "0-1"]
[WhiteElo "1955"]
[BlackElo "2202"]
[PlyCount "120"]
[EventDate "2011.04.11"]
[EventType "swiss"]
[EventRounds "9"]
[EventCountry "CRO"]
[SourceTitle "CBM 141 Extra"]
[Source "ChessBase"]
[SourceDate "2011.05.03"]
[SourceVersion "1"]
[SourceVersionDate "2011.05.03"]
[SourceQuality "1"]

1. e4 c6 2. d4 d5 3. Nc3 dxe4 4. Nxe4 Bf5 5. Ng3 Bg6 6. Nf3 Nd7 7. Bd3 Qc7 8. Be3 Ngf6 9. Qd2 e6 10. 0-0-0 0-0-0 11. Nh4 Bxd3 12. Qxd3 Bd6 13. Nf3 h6 14. Ne4 Nxe4 15. Qxe4 Nf6 16. Qd3 Rd7 17. h3 Rhd8 18. Qe2 Qa5 19. Kb1 Qf5 20. Rd3 Nd5 21. a3 Nf4 22. Bxf4 Bxf4 23. Rhd1 Rd5 24. c4 R5d7 25. Qc2 g5 26. Ne1 h5 27. Ka2 Kb8 28. Qc3 g4 29. hxg4 hxg4 30. g3 Bh6 31. f4 Bg7 32. c5 f6 33. Qc4 Qd5 34. Qxd5 Rxd5 35. Nc2 f5 36. Re1 Bxd4 37. Nxd4 Rxd4 38. Rxd4 Rxd4 39. Rxe6 Rd5 40. b4 Rd2+ 41. Kb1 Rd3 42. Rf6 Rxa3 43. Kb2 Rxg3 44. Rxf5 Rf3 45. Rf8+ Kc7 46. f5 Kd7 47. Rf7+ Ke8 48. Rxb7 Rxf5 49. Rxa7 Rg5 50. Ra8+ Kf7 51. Kb3 Ke6 52. Kc4 g3 53. Ra1 Kf6 54. Rf1+ Kg6 55. Kd4 g2 56. Rg1 Kh5 57. Ke4 Kh4 58. Kf4 Rg7 59. Ke5 Kg3 60. Kd6 Rg6+ 0-1

[Event "Skopje-ch op"]
[Site "Skopje"]
[Date "2010.12.12"]
[Round "9"]
[White "Vukelic, Zvonimir"]
[Black "Tairi, Krenar"]
[Result "0-1"]
[WhiteElo "1964"]
[BlackElo "1634"]
[PlyCount "96"]
[EventDate "2010.12.04"]
[EventType "swiss"]
[EventRounds "9"]
[EventCountry "MKD"]
[SourceTitle "CBM 139 Extra"]
[Source "ChessBase"]
[SourceDate "2011.01.05"]
[SourceVersion "1"]
[SourceVersionDate "2011.01.05"]
[SourceQuality "1"]

1. e4 c5 2. Nc3 Nc6 3. g3 g6 4. Bg2 Bg7 5. d3 e6 6. Be3 d6 7. Nge2 Nge7 8. Qd2 a6 9. 0-0 0-0 10. Bh6 Nd4 11. Bxg7 Kxg7 12. Nxd4 cxd4 13. Ne2 e5 14. h3 f6 15. Kh2 Be6 16. c4 dxc3 17. bxc3 d5 18. f3 dxe4 19. fxe4 Qd7 20. d4 Bc4 21. Rf2 Rad8 22. d5 Bxe2 23. Rxe2 Rc8 24. Rc1 Rc4 25. Qd3 Rfc8 26. d6 R8c6 27. Rd2 Nc8 28. h4 Rxd6 29. Qxc4 Rxd2 30. Re1 Nb6 31. Qc5 Na4 32. Qa3 b5 33. Rc1 Nb6 34. Qxa6 Rxg2+ 35. Kxg2 Qd2+ 36. Kf3 Qxc1 37. Qxb6 Qxc3+ 38. Kf2 Qd2+ 39. Kf3 Qd3+ 40. Kf2 Qxe4 41. Qc7+ Kh6 42. Qf7 Kh5 43. Qxh7+ Kg4 44. Qf7 Qc2+ 45. Ke3 Qf5 46. Qb7 Kxg3 47. Qxb5 Qf2+ 48. Ke4 Qd4# 0-1

[Event "Skopje-ch op"]
[Site "Skopje"]
[Date "2010.12.09"]
[Round "6"]
[White "Gjorgjevski, Janco"]
[Black "Vukelic, Zvonimir"]
[Result "0-1"]
[WhiteElo "2058"]
[BlackElo "1964"]
[PlyCount "116"]
[EventDate "2010.12.04"]
[EventType "swiss"]
[EventRounds "9"]
[EventCountry "MKD"]
[SourceTitle "CBM 139 Extra"]
[Source "ChessBase"]
[SourceDate "2011.01.05"]
[SourceVersion "1"]
[SourceVersionDate "2011.01.05"]
[SourceQuality "1"]

1. d4 d5 2. c4 c6 3. Nf3 Nf6 4. Nc3 dxc4 5. a4 Bf5 6. Ne5 Nbd7 7. Nxc4 e6 8. f3 Be7 9. e4 Bg6 10. Be2 0-0 11. 0-0 Qc7 12. Be3 Rfd8 13. Rc1 a6 14. Qd2 b5 15. Bf4 e5 16. axb5 exf4 17. bxc6 Qxc6 18. Qxf4 Qb7 19. Kh1 Rdc8 20. Rfd1 Qb4 21. Qd2 Bf8 22. e5 Ne8 23. Nd5 Qxd2 24. Rxd2 Rab8 25. g4 Nb6 26. Nf4 Nxc4 27. Bxc4 Be7 28. Nxg6 hxg6 29. Rdc2 Kf8 30. Bxa6 Rxc2 31. Rxc2 Bg5 32. Bc4 Bf4 33. Re2 f6 34. e6 Ke7 35. b3 Nd6 36. d5 g5 37. Ra2 Rb7 38. Ra8 Nxc4 39. bxc4 Rc7 40. Rg8 Kd6 41. Rd8+ Kc5 42. Kg2 Bd6 43. f4 Be7 44. d6 Bxd6 45. f5 Be5 46. h3 Kxc4 47. Kf3 Kc5 48. Ke4 Bd6 49. Ra8 Be7 50. Rg8 Kd6 51. Rxg7 Rc3 52. Rh7 Ra3 53. Kd4 Ra7 54. Kc4 Rb7 55. Rh8 Ke5 56. Ra8 Kf4 57. Kd5 Rc7 58. Rh8 Ke3 0-1

[Event "CRO-chT3A Center"]
[Site "Zagreb"]
[Date "2010.11.07"]
[Round "9.12"]
[White "Brigljevic, Milan"]
[Black "Vukelic, Zvonimir"]
[Result "1/2-1/2"]
[WhiteElo "2303"]
[BlackElo "1977"]
[PlyCount "115"]
[EventDate "2010.03.21"]
[EventType "team-tourn"]
[EventRounds "11"]
[EventCountry "CRO"]
[SourceTitle "EXT 2012"]
[Source "ChessBase"]
[SourceDate "2011.11.24"]
[SourceVersion "1"]
[SourceVersionDate "2011.11.24"]
[SourceQuality "1"]

1. d4 d5 2. Nf3 Nf6 3. e3 g6 4. b3 Bg7 5. Bb2 Bg4 6. h3 Bxf3 7. Qxf3 0-0 8. Nd2 c6 9. Bd3 Nbd7 10. 0-0 Re8 11. e4 dxe4 12. Nxe4 Nxe4 13. Bxe4 Nc5 14. Rad1 Nxe4 15. Qxe4 e6 16. Rd3 Qa5 17. a4 Rad8 18. Rfd1 Qf5 19. Qxf5 gxf5 20. Bc1 Rd7 21. Be3 Red8 22. d5 Rxd5 23. Rxd5 Rxd5 24. Rxd5 exd5 25. Bxa7 Be5 26. Kf1 Kf8 27. Bc5+ Ke8 28. Ke2 Kd7 29. Kd3 Ke6 30. b4 Bc7 31. c4 dxc4+ 32. Kxc4 Bd8 33. Bd4 Be7 34. Be3 Kd7 35. Bf4 Bh4 36. g3 Be7 37. b5 cxb5+ 38. Kxb5 Bf6 39. Kb6 Kc8 40. Kc5 Kd7 41. Kd5 Bc3 42. h4 Bf6 43. Be3 Bg7 44. Bf4 Bf6 45. h5 Bg7 46. h6 Bf6 47. Be5 Bd8 48. f3 Bb6 49. Bf4 f6 50. g4 fxg4 51. fxg4 Ke7 52. Ke4 Ke6 53. Bd2 Bc5 54. Bf4 Bf2 55. Bd2 Bh4 56. Bf4 Be1 57. Be3 Bc3 58. Bf4 1/2-1/2

[Event "CRO-chT3A Center"]
[Site "Zagreb"]
[Date "2010.04.11"]
[Round "3.44"]
[White "Bockaj, Ivan"]
[Black "Vukelic, Zvonimir"]
[Result "1-0"]
[WhiteElo "1992"]
[BlackElo "1977"]
[PlyCount "81"]
[EventDate "2010.03.21"]
[EventType "team-tourn"]
[EventRounds "11"]
[EventCountry "CRO"]
[SourceTitle "EXT 2012"]
[Source "ChessBase"]
[SourceDate "2011.11.24"]
[SourceVersion "1"]
[SourceVersionDate "2011.11.24"]
[SourceQuality "1"]

1. d4 d5 2. Nf3 Nf6 3. Nbd2 Bf5 4. c4 c6 5. Qb3 Bc8 6. e3 e6 7. cxd5 exd5 8. Ne5 Nbd7 9. Ndf3 Bd6 10. Nxd7 Qxd7 11. g3 0-0 12. Bg2 Qc7 13. 0-0 h6 14. Qd3 Be6 15. b3 Qd7 16. Bb2 Bf5 17. Qd2 Rfe8 18. Ne5 Qc7 19. Rac1 a5 20. h3 a4 21. b4 a3 22. Bc3 Qe7 23. f3 Nd7 24. Nxd7 Bxd7 25. Kf2 Bf5 26. Rfe1 Qc7 27. f4 Qd7 28. g4 Be4 29. Qd1 Qe7 30. Bxe4 Qh4+ 31. Kg2 Rxe4 32. Re2 Rae8 33. Be1 Qe7 34. Rc3 Bxf4 35. Bd2 Rxd4 36. Rf2 Qe4+ 37. Qf3 Rxd2 38. Rxd2 Qxb4 39. exf4 Re1 40. Rcd3 Qb1 41. Re2 1-0

[Event "FRM-chT 17th"]
[Site "Struga"]
[Date "2008.08.05"]
[Round "2"]
[White "Nestorovic, Lazar"]
[Black "Vukelic, Zvonimir"]
[Result "1-0"]
[WhiteElo "2269"]
[BlackElo "2001"]
[PlyCount "67"]
[EventDate "2008.08.04"]
[EventType "team"]
[EventRounds "7"]
[EventCountry "MKD"]
[SourceTitle "CBM 125 Extra"]
[Source "ChessBase"]
[SourceDate "2008.09.01"]
[SourceVersion "1"]
[SourceVersionDate "2008.09.01"]
[SourceQuality "1"]

1. e4 c6 2. d4 d5 3. Nc3 dxe4 4. Nxe4 Bf5 5. Ng3 Bg6 6. Nf3 Nf6 7. Bc4 e6 8. h4 h6 9. 0-0 Be7 10. Ne5 Bh7 11. Qe2 Nd5 12. Nh5 0-0 13. Qg4 g5 14. hxg5 hxg5 15. f4 f5 16. Qg3 Qe8 17. Be2 Bg6 18. Nxg6 Qxg6 19. fxg5 Nd7 20. c4 f4 21. Nxf4 Nxf4 22. Bxf4 Qg7 23. Rad1 Rfd8 24. Bg4 Nf8 25. Be5 Qxg5 26. Qf3 Qg6 27. Bh5 Qf5 28. Qg3+ Qg5 29. Bf7+ Kh7 30. Qd3+ Ng6 31. Bxg6+ Qxg6 32. Rf7+ Kh6 33. Qh3+ Qh5 34. Rh7+ 1-0

[Event "FRM-ch 17th"]
[Site "Struga"]
[Date "2008.07.21"]
[Round "8"]
[White "Nikolovska, Dragana"]
[Black "Vukelic, Zvonimir"]
[Result "1/2-1/2"]
[WhiteElo "1732"]
[BlackElo "2001"]
[PlyCount "89"]
[EventDate "2008.07.14"]
[EventType "swiss"]
[EventRounds "9"]
[EventCountry "MKD"]
[SourceTitle "CBM 125 Extra"]
[Source "ChessBase"]
[SourceDate "2008.09.01"]
[SourceVersion "1"]
[SourceVersionDate "2008.09.01"]
[SourceQuality "1"]

1. e4 c6 2. d4 d5 3. exd5 cxd5 4. c4 e6 5. Nc3 dxc4 6. Bxc4 Nf6 7. Nf3 Be7 8. 0-0 0-0 9. Be3 a6 10. Bb3 b5 11. Bc2 Nc6 12. a3 b4 13. Ne2 Bb7 14. Qd3 g6 15. Bh6 Re8 16. Ne5 Nxe5 17. dxe5 Qxd3 18. Bxd3 Nd5 19. a4 a5 20. Rac1 Bf8 21. Bxf8 Kxf8 22. Bb5 Rec8 23. Nd4 Nf4 24. f3 Rd8 25. Nb3 Ba6 26. Rc5 Bxb5 27. Rxb5 Rd5 28. Rxd5 Nxd5 29. Rc1 Nb6 30. Nc5 Ke7 31. b3 Rc8 32. Nd3 Rc3 33. Rxc3 bxc3 34. Kf2 Kd7 35. Nc1 Kc6 36. Ke3 Nd5+ 37. Kd4 c2 38. g3 Nb4 39. f4 h6 40. h3 h5 41. h4 Kb6 42. Kc4 Nd5 43. Kd3 Nb4+ 44. Kc4 Kc6 45. Kd4 1/2-1/2

[Event "FRM-ch 17th"]
[Site "Struga"]
[Date "2008.07.20"]
[Round "7"]
[White "Vukelic, Zvonimir"]
[Black "Temkov, Blagoja"]
[Result "1/2-1/2"]
[WhiteElo "2001"]
[BlackElo "2014"]
[PlyCount "90"]
[EventDate "2008.07.14"]
[EventType "swiss"]
[EventRounds "9"]
[EventCountry "MKD"]
[SourceTitle "CBM 125 Extra"]
[Source "ChessBase"]
[SourceDate "2008.09.01"]
[SourceVersion "1"]
[SourceVersionDate "2008.09.01"]
[SourceQuality "1"]

1. e4 c5 2. Nc3 d6 3. g3 Nc6 4. Bg2 Nf6 5. h3 g6 6. d3 h5 7. Be3 Bg7 8. Nge2 Qb6 9. Rb1 Bd7 10. f3 Qc7 11. 0-0 Qc8 12. h4 Ne5 13. Qd2 Rb8 14. b3 b5 15. Nf4 b4 16. Ncd5 Nxd5 17. Nxd5 Nc6 18. Bf2 e6 19. Nf4 Rb5 20. Ne2 Ra5 21. c3 Qa6 22. Rb2 bxc3 23. Nxc3 Nb4 24. Rd1 Ra3 25. Bf1 Qa5 26. d4 0-0 27. dxc5 dxc5 28. f4 Bc6 29. e5 Bf3 30. Be2 Bxe2 31. Qxe2 Rc8 32. Rdd2 c4 33. Bd4 cxb3 34. Rxb3 Rxb3 35. axb3 Nd5 36. Nxd5 Qxd5 37. Kh2 Rc1 38. Qg2 Qxb3 39. Bxa7 Rd1 40. Rxd1 Qxd1 41. Bc5 Bf8 42. Bxf8 Kxf8 43. Qa8+ Kg7 44. Qa2 Qf1 45. Qd2 Qf3 1/2-1/2

[Event "FRM-ch 17th"]
[Site "Struga"]
[Date "2008.07.15"]
[Round "2"]
[White "Petkovski, Vlatko"]
[Black "Vukelic, Zvonimir"]
[Result "1-0"]
[WhiteElo "2185"]
[BlackElo "2001"]
[PlyCount "66"]
[EventDate "2008.07.14"]
[EventType "swiss"]
[EventRounds "9"]
[EventCountry "MKD"]
[SourceTitle "CBM 125 Extra"]
[Source "ChessBase"]
[SourceDate "2008.09.01"]
[SourceVersion "1"]
[SourceVersionDate "2008.09.01"]
[SourceQuality "1"]

1. e4 c6 2. d4 d5 3. exd5 cxd5 4. c3 Nf6 5. Bd3 Nc6 6. Bf4 e6 7. Nf3 h6 8. Nbd2 Bd6 9. Bg3 Nh5 10. Bc2 Qc7 11. Bxd6 Qxd6 12. g3 Bd7 13. Qe2 g6 14. Qe3 Ng7 15. 0-0-0 0-0-0 16. g4 Kb8 17. h3 Rc8 18. Kb1 Qc7 19. Nb3 b6 20. Bd3 Rce8 21. Rhe1 h5 22. c4 hxg4 23. hxg4 Nb4 24. Ne5 Ba4 25. Bf1 Rc8 26. Rc1 Qb7 27. Qc3 a5 28. Bg2 Rhd8 29. c5 Qa7 30. Qg3 Ka8 31. cxb6 Qxb6 32. Nxf7 Rf8 33. Nc5 Qb5 1-0

[Event "FRM-ch 17th"]
[Site "Struga"]
[Date "2008.07.14"]
[Round "1"]
[White "Vukelic, Zvonimir"]
[Black "Dinev, Dejan"]
[Result "0-1"]
[WhiteElo "2001"]
[BlackElo "2312"]
[PlyCount "150"]
[EventDate "2008.07.14"]
[EventType "swiss"]
[EventRounds "9"]
[EventCountry "MKD"]
[SourceTitle "CBM 125 Extra"]
[Source "ChessBase"]
[SourceDate "2008.09.01"]
[SourceVersion "1"]
[SourceVersionDate "2008.09.01"]
[SourceQuality "1"]

1. e4 c5 2. Nc3 g6 3. g3 Bg7 4. d3 Nc6 5. Bg2 e6 6. Be3 d6 7. Nge2 Nge7 8. Qd2 Nd4 9. Rc1 h5 10. h4 Qb6 11. Bxd4 cxd4 12. Nd1 Bd7 13. 0-0 Rc8 14. b3 a5 15. a4 0-0 16. Nb2 Ra8 17. Nc4 Qa6 18. Qf4 e5 19. Qd2 Kh7 20. f4 b5 21. axb5 Bxb5 22. Nb2 Qb6 23. Ra1 Bh6 24. Ra2 Nc6 25. Rfa1 Rfc8 26. Nc4 Bxc4 27. bxc4 Rcb8 28. Kh2 Qd8 29. Qe1 Ra7 30. Qf2 Rab7 31. Ng1 Rb1 32. Nh3 f6 33. f5 g5 34. hxg5 fxg5 35. f6 Rxa1 36. Qf5+ Kh8 37. Rxa1 Qg8 38. Qd7 g4 39. Ng1 h4 40. gxh4 Bf4+ 41. Kh1 Qh7 42. Qxg4 Rg8 43. Qh3 Qg6 44. f7 Qxf7 45. Qf5 Qg7 46. Qh3 Bd2 47. Nf3 Bc3 48. Rg1 Qg4 49. Ng5 Qxh3+ 50. Bxh3 Rf8 51. Ne6 Rf6 52. c5 dxc5 53. Nxc5 Rh6 54. Rg4 Bb4 55. Na4 Be7 56. Kg2 Nb4 57. c3 Nxd3 58. cxd4 Nf4+ 59. Kh2 Nxh3 60. Kxh3 exd4 61. e5 d3 62. Kg2 d2 63. Nc3 Rc6 64. Rd4 Rxc3 65. Rxd2 Bxh4 66. Re2 Be7 67. Re4 Kg7 68. Kf2 Kf7 69. e6+ Kf6 70. Ke1 Kf5 71. Re2 Rc6 72. Kd1 a4 73. Rh2 Kxe6 74. Re2+ Kd7 75. Re4 a3 0-1